|
|
|
|
| LEADER |
00000nam a22000007a 4500 |
| 005 |
20210823131923.0 |
| 007 |
cr|||| |||| |
| 008 |
210823s2021 es |||||s|||| 00||0 spa d |
| 020 |
|
|
|a 978-84-1377-534-0
|
| 035 |
|
|
|a 35105
|
| 040 |
|
|
|a vLex
|
| 090 |
|
|
|c 12113
|d 12113
|
| 100 |
1 |
|
|a Vilella Llop, Mara̕ del Pilar
|
| 245 |
1 |
0 |
|a Hacia un nuevo modelo de Derecho de Familia
|h [Recurso electrn̤ico] :
|b Anl̀isis de las figuras y herramientas emergentes /
|c Mara̕ del Pilar Vilella Llop
|
| 256 |
|
|
|a Servicio en ln̕ea
|
| 260 |
|
|
|a Madrid:
|b Dykinson,
|c 2021
|
| 300 |
|
|
|a 1 recurso electrn̤ico
|
| 506 |
1 |
|
|a Disponible solo en los productos indicados
|d vLex Global
|d vLex Global (Academic Edition, excluding Law Schools)
|d vLex Global (U.S. Academic Edition, Law Schools)
|d vLex Global (U.S. Academic Edition, excluding Law Schools)
|d vLex Global (Academic Edition, Law Schools)
|
| 650 |
0 |
4 |
|a Derecho Civil
|z Espaą
|
| 740 |
0 |
|
|a vLex Libros (Servicio en ln̕ea)
|
| 856 |
4 |
0 |
|u https://app.vlex.com/#/sources/35105
|z Acceso restringido
|
| 942 |
|
|
|c BOOK
|
| 999 |
0 |
|
|a Civil Law
|